[Event "8th HDBank Cup 2018"]
[Site "Hanoi"]
[Date "2018.03.12"]
[Round "4"]
[White "Lu Chan Hung"]
[Black "Krysa, Leandro"]
[Result "1/2-1/2"]
[WhiteElo "2181"]
[BlackElo "2548"]
[Annotator "TA"]
[PlyCount "106"]
[EventDate "2018.??.??"]
[EventCountry "VIE"]
[SourceTitle "playchess.com"]
[Source "ChessBase"]
[SourceQuality "1"]

{[%evp 13,106,7,4,4,4,-8,-12,-17,-7,-45,-10,-40,-23,-97,-58,-67,-64,-63,-71,-106,-69,-71,-65,-69,-69,-69,-67,-68,-74,-65,-58,-93,-58,-76,-62,-59,-52,-58,-78,-68,-74,-98,-103,-105,-88,-84,-77,-111,-101,-91,-12,-131,-87,-126,-67,-86,-77,-87,-88,-76,-89,-89,-70,-79,-81,-86,-66,-92,-76,-78,0,0,0,0,8,0,0,-8,-8,-8,0,0,0,0,0,0,0,0,0,0,0,0,0,0,0]} 1. c4 c5 2. Nc3 g6 3. g3 Bg7 4. Bg2 Nc6 5. a3 d6 6. Rb1 e6 {A36: Symmetrical English vs ...g6: 4 Bg2 Bg7} 7. b4 Nge7 {LiveBook: 78 Games} 8. h4 (8. Nf3 O-O 9. O-O b6 10. e3 d5 11. bxc5 bxc5 12. Na4 Qd6 13. d3 Ba6 14. Qc2 Rab8 15. Rxb8 Rxb8 16. cxd5 Nxd5 17. e4 {½-½ (33) Ding,L (2773)-Svidler,P (2755) Moscow 2017}) 8... h6 9. Nh3 Rb8 $146 ({Predecessor:} 9... O-O 10. Nf4 e5 11. Nfd5 cxb4 12. axb4 Nxd5 13. Nxd5 Bg4 {1-0 (38) Tassi,O (2300)-Lapiccirella,M (2243) Porto San Giorgio 2006}) 10. Qa4 O-O 11. Bb2 b6 12. b5 Na5 13. Ne4 (13. Nf4 $11) 13... f5 {[#] aiming for ...Bxb2.} 14. Bxg7 Kxg7 15. Nc3 e5 16. f4 e4 17. d3 exd3 18. exd3 Bb7 19. Qc2 d5 20. cxd5 Nxd5 21. Nxd5 Bxd5 22. Qc3+ Kg8 23. O-O Bxg2 24. Kxg2 Qd5+ 25. Kh2 $1 Rbd8 26. Nf2 Qd4 $36 {[%mdl 2048] Black is on the roll.} 27. Qxd4 Rxd4 28. Rfe1 Kf7 29. h5 gxh5 30. Re5 Kg7 31. Kh3 c4 (31... Ra4 $17 32. Kh4 Rxa3 33. Kxh5 c4) 32. Rb4 (32. Rd1 $11 {remains equal.}) 32... Kf6 33. dxc4 Nxc4 (33... Rd2 $17 34. c5 Nb7) 34. Re2 Rfd8 35. Ra4 Na5 36. Rxd4 Rxd4 $17 {[%mdl 4096] Endgame KRN-KRN} 37. Kh4 Nc4 38. Ra2 Kg6 39. a4 Nd6 40. Kh3 Ne4 41. a5 bxa5 (41... Nf6 $17) 42. Nxe4 $11 {The position is equal.} fxe4 43. Rxa5 $17 {KR-KR} Rd7 44. Kg2 Rd2+ 45. Kf1 Rb2 46. Ke1 Rb3 47. Kf2 Rf3+ 48. Kg2 $1 Rb3 49. Kf2 Kf6 50. Rxa7 h4 51. gxh4 Kf5 52. Rf7+ Kg4 53. Rf6 Rxb5 {Precision: White = 50%, Black = 62%.} 1/2-1/2